LEADER 01103nam 2200325Ia 450 001 996386483203316 005 20221108020805.0 035 $a(CKB)4940000000078257 035 $a(EEBO)2240962194 035 $a(OCoLC)12642925 035 $a(EXLCZ)994940000000078257 100 $a19851007d1670 uy | 101 0 $aeng 135 $aurbn||||a|bb| 200 10$aDary's miscellanies examined$b[electronic resource] $eand some of his fundamental errors detected by authority of ancient and modern mathematicians ... : to which is added a task for Mr. Dary of his own setting /$fby Robert Anderson 210 $aLondon $cPrinted for Philip Brooksby ...$d1670 215 $a[3], 13 p 300 $aReproduction of original in Bodleian Library. 330 $aeebo-0014 606 $aMathematics$vEarly works to 1800 615 0$aMathematics 700 $aAnderson$b Robert$ffl. 1668-1696.$01007023 801 0$bEAA 801 1$bEAA 801 2$bm/c 801 2$bWaOLN 906 $aBOOK 912 $a996386483203316 996 $aDary's miscellanies examined$92339070 997 $aUNISA